000 00692nam a2200241Ia 4500
005 20260430150658.0
008 008 250103s9999 xx 000 0 eng d
037 _aTheses
040 _aCRL
040 _beng
040 _ceng
041 _2eng
041 _aeng
084 _qCRL
100 _aPratibha Au.; Dubey Jai Prakash Gu.
_91238189
245 0 _aEducational and Occupational Hazards of Workers Engaged in Scavenging: A Study of Delhi
260 _c2024
300 _a128p.
650 _aSocial Sciences
700 _aUniversity of Delhi. Faculty of Social Sciences. Deptt. of Continuing Education & Extension
_91238190
942 _cTH
999 _c1850368
_d1850368